Jak se Vojta ztratil /
Uloženo v:
| Hlavní autor: | |
|---|---|
| Médium: | E-kniha |
| Jazyk: | Czech |
| Vydáno: |
V Praze :
Albatros,
2010
|
| Vydání: | 1. vyd. |
| Edice: | První čtení (Albatros)
|
| Témata: | |
| Tagy: |
Žádné tagy |
| LEADER | 01563nam a2200397 a 4500 | ||
|---|---|---|---|
| 001 | 304995 | ||
| 003 | CZ PrSKC | ||
| 005 | 20260531063330.0 | ||
| 007 | ta | ||
| 008 | 100901s2010 xr a b 000 j cze | ||
| 015 | |a cnb002124203 | ||
| 020 | |a 9788000026206 |q (váz.) | ||
| 035 | |a (OCoLC)681496734 | ||
| 040 | |a BOA001 |b cze |d ABA001 | ||
| 072 | 7 | |a 821.162.3-3 |x Česká próza |2 Konspekt | |
| 072 | 7 | |a 821-93 |x Literatura pro děti a mládež (beletrie) |2 Konspekt | |
| 080 | |a 821-93 |2 MRF | ||
| 080 | |a 821.162.3-32 |2 MRF | ||
| 080 | |a (0:82-32) |2 MRF | ||
| 100 | 1 | |a Braunová, Petra, |d 1967- |7 xx0013872 |4 aut | |
| 245 | 1 | 0 | |a Jak se Vojta ztratil / |c Petra Braunová |
| 250 | |a 1. vyd. | ||
| 260 | |a V Praze : |b Albatros, |c 2010 | ||
| 300 | |a 61 s. : |b barev. il. ; |c 21 cm | ||
| 490 | 1 | |a První čtení | |
| 521 | 8 | |a Pro začínající čtenáře | |
| 655 | 7 | |a české příběhy |7 fd133973 |2 czenas | |
| 655 | 7 | |a publikace pro děti |7 fd133156 |2 czenas | |
| 655 | 9 | |a Czech stories |2 eczenas | |
| 655 | 9 | |a children's literature |2 eczenas | |
| 830 | 0 | |a První čtení (Albatros) | |
| 900 | |a ABA001 |b 17 | ||
| 044 | |a xr | ||
| 910 | |a RBIT002 | ||
| 998 | |d 169038 |a https://core.palmknihy.cz/api/books/169038/cover?tfv9rd |b https://core.palmknihy.cz/api/books/169038/cover/400?tfv9rd |c https://core.palmknihy.cz/api/books/169038/cover/50?tfv9rd |e 2035-12-31 |g 64 |i 9788000026206 |j https://core.palmknihy.cz/api/books/169038/preview.epub |k https://core.palmknihy.cz/api/books/169038/preview.pdf |l |q 49 |r 1 |s https://www.palmknihy.cz/kniha/169038 |t ebook |y 2013 |z 0 | ||
| 999 | |d 304993 | ||